<?xml version="1.0" encoding="UTF-8"?>
<record
    xmlns:xsi="http://www.w3.org/2001/XMLSchema-instance"
    xsi:schemaLocation="http://www.loc.gov/MARC21/slim http://www.loc.gov/standards/marcxml/schema/MARC21slim.xsd"
    xmlns="http://www.loc.gov/MARC21/slim">

  <leader>03639cam a2200325   4500500</leader>
  <controlfield tag="005">20250125171858.0</controlfield>
  <datafield tag="041" ind1=" " ind2=" ">
    <subfield code="a">fre</subfield>
  </datafield>
  <datafield tag="042" ind1=" " ind2=" ">
    <subfield code="a">dc</subfield>
  </datafield>
  <datafield tag="100" ind1="1" ind2="0">
    <subfield code="a">Wantzen, Prany</subfield>
    <subfield code="e">author</subfield>
  </datafield>
  <datafield tag="700" ind1="1" ind2="0">
    <subfield code="a"> Anger, Marine</subfield>
    <subfield code="e">author</subfield>
  </datafield>
  <datafield tag="700" ind1="1" ind2="0">
    <subfield code="a"> Eustache, Francis</subfield>
    <subfield code="e">author</subfield>
  </datafield>
  <datafield tag="700" ind1="1" ind2="0">
    <subfield code="a"> Guillery-Girard, B&#xE9;reng&#xE8;re</subfield>
    <subfield code="e">author</subfield>
  </datafield>
  <datafield tag="245" ind1="0" ind2="0">
    <subfield code="a">La m&#xE9;moire autobiographique dans l&#x2019;autisme&#xA0;: de l&#x2019;enfant &#xE0; l&#x2019;&#xE2;ge adulte</subfield>
  </datafield>
  <datafield tag="260" ind1=" " ind2=" ">
    <subfield code="c">2016.
							</subfield>
  </datafield>
  <datafield tag="500" ind1=" " ind2=" ">
    <subfield code="a">32</subfield>
  </datafield>
  <datafield tag="520" ind1=" " ind2=" ">
    <subfield code="a">Le fonctionnement de la m&#xE9;moire autobiographique mobilise un nombre important de fonctions cognitives incluant notamment les fonctions ex&#xE9;cutives, le langage, la cognition sociale, la conscience de soi, le traitement des &#xE9;motions, les capacit&#xE9;s perceptives. Du fait de cette complexit&#xE9;, elle se met en place tardivement au cours du d&#xE9;veloppement. Elle comprend deux composantes&#xA0;: les souvenirs &#xE9;pisodiques et les connaissances s&#xE9;mantiques sur soi, le tout en &#xE9;troite relation avec l&#x2019;identit&#xE9; personnelle ou self. Dans l&#x2019;autisme, la composante &#xE9;pisodique est perturb&#xE9;e &#xE0; la fois chez les enfants et chez les adultes alors que la composante s&#xE9;mantique est affect&#xE9;e uniquement chez les enfants, avec un oubli progressif des connaissances personnelles, sugg&#xE9;rant un d&#xE9;faut de s&#xE9;mantisation. Ceci pourrait &#xEA;tre d&#xFB; &#xE0; un manque de r&#xE9;activation et &#xE0; un d&#xE9;faut de consolidation, li&#xE9;s aux troubles du langage et &#xE0; un retard de d&#xE9;veloppement du self, notamment en relation avec les difficult&#xE9;s d&#x2019;interactions sociales. Ce retard pourrait se r&#xE9;duire &#xE0; l&#x2019;&#xE2;ge adulte. L&#x2019;origine de ces difficult&#xE9;s est discut&#xE9;e au regard des th&#xE9;ories cognitives majeures &#xE9;voqu&#xE9;es dans l&#x2019;autisme et posent la question de savoir si cette identit&#xE9; atypique ne serait pas le r&#xE9;sultat des particularit&#xE9;s perceptives, cognitives et sociales observ&#xE9;es dans l&#x2019;autisme.</subfield>
  </datafield>
  <datafield tag="520" ind1=" " ind2=" ">
    <subfield code="a">Autobiographical memory in autism: from childhood to adulthoodAutobiographical memory implicates many cognitive functions including executive functions, language, social cognition, self-consciousness, perceptual and emotional processes. Autobiographical memory can be separated into two components: episodic memories and personal semantic knowledge both closely related to the self. For these reasons, the development of autobiographical memory is very progressive from childhood to adulthood. In autism, the episodic component is impaired in both adults and children while the semantic one is affected only in children with an increased forgetting of personal semantic knowledge that suggests abnormal semantisation. These abnormalities may result from a lack of reactivation and consolidation associated with language difficulties, impoverished social interactions and delayed self-development. This developmental delay may be reduced in adulthood improving the production of semantic autobiographical knowledge. We last discuss the origins of these impairments in relation with the main cognitive theories of autism and develop the question of the rule of perceptual, cognitive and social specificities on the construction of the self.</subfield>
  </datafield>
  <datafield tag="690" ind1=" " ind2=" ">
    <subfield code="a">autisme</subfield>
  </datafield>
  <datafield tag="690" ind1=" " ind2=" ">
    <subfield code="a">identit&#xE9;</subfield>
  </datafield>
  <datafield tag="690" ind1=" " ind2=" ">
    <subfield code="a">trouble du spectre de l&#x2019;autisme</subfield>
  </datafield>
  <datafield tag="690" ind1=" " ind2=" ">
    <subfield code="a">m&#xE9;moire autobiographique</subfield>
  </datafield>
  <datafield tag="690" ind1=" " ind2=" ">
    <subfield code="a">d&#xE9;veloppement</subfield>
  </datafield>
  <datafield tag="690" ind1=" " ind2=" ">
    <subfield code="a">autism</subfield>
  </datafield>
  <datafield tag="690" ind1=" " ind2=" ">
    <subfield code="a">identity</subfield>
  </datafield>
  <datafield tag="690" ind1=" " ind2=" ">
    <subfield code="a">development</subfield>
  </datafield>
  <datafield tag="690" ind1=" " ind2=" ">
    <subfield code="a">autobiographical memory</subfield>
  </datafield>
  <datafield tag="690" ind1=" " ind2=" ">
    <subfield code="a">autism spectrum disorder</subfield>
  </datafield>
  <datafield tag="786" ind1="0" ind2=" ">
    <subfield code="n">Revue de neuropsychologie | Volume 8 | 4 | 2016-12-27 | p. 269-276 | 2101-6739</subfield>
  </datafield>
  <datafield tag="856" ind1="4" ind2="1">
    <subfield code="u">https://shs.cairn.info/revue-de-neuropsychologie-2016-4-page-269?lang=fr&amp;redirect-ssocas=7080</subfield>
  </datafield>
  <datafield tag="999" ind1=" " ind2=" ">
    <subfield code="c">1028678</subfield>
    <subfield code="d">1028678</subfield>
  </datafield>
</record>
